Millie Maven and the bronze medallion / Ted Dekker ... Read More
Available copies
- 0 of 1 copy available at LARL/NWRL Consortium.
Current holds
0 current holds with 1 total copy.
Show Only Available Copies
| Location | Call Number / Copy Notes | Barcode | Shelving Location | Status | Due Date |
|---|---|---|---|---|---|
| Thief River Falls Public Library | j DEK (Text) | 35500006661480 | Main | Checked out | 07/02/2026 |
Record details
- ISBN: 9781733571838
- ISBN: 1733571833
- Physical Description: 213 pages ; 21 cm.
- Publisher: [United States] : [Ted Dekker], 2020.
Content descriptions
| General Note: | Cover art and design by Manuel Preitano. |
| Summary, etc.: | "Enter the world of Millie Maven, a ... Read More |
Search for related items by subject
| Subject: | Orphans > Juvenile fiction. Gifted children > Juvenile fiction. Orphans > Fiction. Gifted children > Fiction. Gifted children. Orphans. |
| Genre: | Fiction. Juvenile works. |
Search for related items by series
| LDR | 01857cam a2200421 i 4500 | ||
|---|---|---|---|
| 001 | 413502 | ||
| 003 | LARL_NWRL_CONSORTIUM | ||
| 005 | 20230424160552.0 | ||
| 008 | 201209s2020 xxu 000 1 eng d | ||
| 040 | . | ‡aIY5 ‡beng ‡erda ‡cIY5 ‡dIY5 ‡dOCLCO ‡dOCLCF ‡dWIQ ‡dCNEDM ‡dOCLCO | |
| 019 | . | ‡a1303757898 | |
| 020 | . | ‡a9781733571838 ‡q(paperback) | |
| 020 | . | ‡a1733571833 ‡q(paperback) | |
| 035 | . | ‡a(OCoLC)1226329050 ‡z(OCoLC)1303757898 | |
| 082 | 0 | 4. | ‡a[Fic] |
| 100 | 1 | . | ‡aDekker, Ted, ‡d1962- ‡eauthor. ‡0(LARL_NWRL_CONSORTIUM)43775 |
| 245 | 1 | 0. | ‡aMillie Maven and the bronze medallion / ‡cTed Dekker & Rachelle Dekker. |
| 264 | 1. | ‡a[United States] : ‡b[Ted Dekker], ‡c2020. | |
| 300 | . | ‡a213 pages ; ‡c21 cm. | |
| 336 | . | ‡atext ‡btxt ‡2rdacontent | |
| 337 | . | ‡aunmediated ‡bn ‡2rdamedia | |
| 338 | . | ‡avolume ‡bnc ‡2rdacarrier | |
| 490 | 0 | . | ‡aMillie Maven ; ‡v1 |
| 500 | . | ‡aCover art and design by Manuel Preitano. | |
| 520 | . | ‡a"Enter the world of Millie Maven, a twelve-year-old orphan who embarks on a great adventure that takes her to the distant, mysterious world of FIGS, the FarPointe Institute for Gifted Students. There, she discovers that there is more to her than she ever dared imagine or believe . . . and that there are some truths that change everything" --from the publisher. | |
| 650 | 0. | ‡aOrphans ‡vJuvenile fiction. ‡0(LARL_NWRL_CONSORTIUM)166522 | |
| 650 | 0. | ‡aGifted children ‡vJuvenile fiction. | |
| 650 | 1. | ‡aOrphans ‡vFiction. ‡0(LARL_NWRL_CONSORTIUM)166482 | |
| 650 | 1. | ‡aGifted children ‡vFiction. ‡0(LARL_NWRL_CONSORTIUM)165492 | |
| 650 | 7. | ‡aGifted children. ‡2fast ‡0(LARL_NWRL_CONSORTIUM)21234 | |
| 650 | 7. | ‡aOrphans. ‡2fast ‡0(LARL_NWRL_CONSORTIUM)27331 | |
| 655 | 7. | ‡aFiction. ‡2fast | |
| 655 | 7. | ‡aJuvenile works. ‡2fast | |
| 700 | 1 | . | ‡aDekker, Rachelle, ‡eauthor. ‡0(LARL_NWRL_CONSORTIUM)221238 |
| 901 | . | ‡a413502 ‡b ‡c413502 ‡tbiblio | |

Add to basket
Permalink
Disable Highlighting